The art of analysis

Αποθηκεύτηκε σε:
Λεπτομέρειες βιβλιογραφικής εγγραφής
Κύριος συγγραφέας: Langer, Arthur M.
Μορφή: Βιβλίο
Γλώσσα:English
Δημοσίευση: New York ; Berlin : Springer, c1997
Θέματα:
Ετικέτες: Προσθήκη ετικέτας
Δεν υπάρχουν, Καταχωρήστε ετικέτα πρώτοι!

MARC

LEADER 00000nam a2200000 i 4500
001 1/95678
008 991211s1997 eng d
020 |a 0387949720 
035 |l 10055411 
040 |a GR-MY-UA  |b gre  |e aacr 
041 0 |a eng 
082 0 |a 004.21 
100 1 |a Langer, Arthur M. 
245 1 4 |a The art of analysis /  |c Arthur M. Langer 
260 |a New York ; Berlin :   |b Springer,   |c c1997 
300 |a xii, 177 p.;  |b ill.;  |c 25 cm. 
504 |a Includes bibliographical references and index 
650 0 0 |a Computer software  |x Development. 
650 0 0 |a System analysis. 
852 |a INST  |b SAMOS  |e 19991211  |h 004.21 LAN  |p 005300016458  |q 005300016458  |t BK  |y 0 
901 |a BIBL3-1999-3 
909 |a Σ  |b 070964 
922 |a 3ΕΛΗ  |b 199911  |c ΤΠΕΣ  |d ΠΑΠΑΣΩΤΗΡΙΟΥ 
970 |a ΓΕΝΟΥΖΟΥ  |b ΧΡΥΣΑΝΘΗ  |z 1999/12/11